| 000 | 01576cam a2200493 a 4500 | ||
|---|---|---|---|
| 001 | 21571 | ||
| 003 | VRT | ||
| 005 | 20260305091348.0 | ||
| 008 | 160208s2008 xo a b 000 j slo | ||
| 015 | _aSNBA2010/09-04738 | ||
| 020 | _a9788071468868 (viaz.) | ||
| 035 | _aBJKDG42840 | ||
| 035 | _aurn:nbn:sk:snk-amk6mq | ||
| 035 | _aurn:nbn:sk:snk-am003oxi | ||
| 035 | _aC1780D62-7409-4791-8990-2EDE859D2404 | ||
| 039 | 9 |
_a202310111256 _bmsnk170 _c202108021504 _dAUTHORITY _c202108021454 _dAUTHORITY _c202108021448 _dAUTHORITY |
|
| 040 |
_aBJKDG _bslo _cBJKDG _dSNK _eAACR2 |
||
| 041 | 1 |
_aslo _hfre |
|
| 044 |
_axo _cSK |
||
| 072 | 7 |
_a821-93 _xLiteratúra pre deti a mládež _2konspekt |
|
| 080 |
_a821-93 _22001 |
||
| 080 |
_a(0:82-34) _22001 |
||
| 245 | 0 | 0 |
_aViktor pri mori _c[ilustrácie: Jan Ivens ; preložila: Otília Škvarnová] |
| 260 |
_aBratislava _bJunior _c2008 |
||
| 300 |
_a[25] s. _bfareb. ilustr. _c23 cm |
||
| 655 | 7 |
_apublikácie pre deti _2SNKPH |
|
| 655 | 7 |
_arozprávky _2SNKPH |
|
| 655 | 7 |
_aFairy tales _2SNKPHeng |
|
| 655 | 7 |
_aChildren's literature _2SNKPHeng |
|
| 700 | 1 |
_aŠkvarnová, Otília, _d1953- _4trl |
|
| 700 | 1 |
_aIvens, Jan _4ill |
|
| 910 | _abjkdg | ||
| 910 | _ahevk | ||
| 910 | _asnk | ||
| 910 | _avthk | ||
| 910 | _askpk | ||
| 910 | _apokpoh | ||
| 942 |
_2ddc _cKLDE _n0 |
||
| 949 |
_617A0665349 _asnkSC 141325 D1 _bsnk2010/15683 _o1661/10 |
||
| 949 |
_617A0665350 _asnkSC 141325 _bsnk2010/15681 _o1661/10 _s6100:20140925 |
||
| 980 | _a821(100)-34 | ||
| 980 | _a821-93 | ||
| 999 |
_c21571 _d21571 |
||